Sepalit lumpur : Komplikasi kes dan panduan pengurusna tatatertib

Bibliographic Details
Format: Book
Published: Putrajaya : NRE , 2011
Subjects:

MARC

LEADER 00000cam a2200000 7i4500
001 0000004108
005 20160427.0
090 0 0 |a 354.595001   |b NRE 2011 
245 1 0 |a Sepalit lumpur :   |b Komplikasi kes dan panduan pengurusna tatatertib   |c Kementerian Sumber Asli & Alam Sekitar 
260 0 0 |a Putrajaya :   |b NRE ,   |c 2011 
300 |a ii, 98 pages ;   |c 25 cm. 
650 0 0 |a Administrative agencies   |z Malaysia 
650 0 0 |a Administrative agencies   |z Malaysia   |x Rules and practices 
650 0 0 |a Civil service   |z Malaysia 
998 |a JPSM 
999 |a 007939   |b Monograph   |c Open Shelf   |e Default branch 
999 |a 007940   |b Monograph   |c Open Shelf   |e Default branch